[Event "TCh-FRA Top 16 GpA 2023"]
[Site "Chartres FRA"]
[Date "2023.06.01"]
[Round "1.1"]
[Board "2"]
[White "Mamedov, Rauf"]
[Black "Ragger, Markus"]
[Result "1/2-1/2"]
[WhiteTitle "GM"]
[BlackTitle "GM"]
[WhiteElo "2642"]
[BlackElo "2631"]
[WhiteTeam "C'Chartres Echecs"]
[BlackTeam "Bischwiller"]
[WhiteFideId "13401653"]
[BlackFideId "1610856"]
[EventDate "2023.06.01"]

1. e4 e5 2. Nf3 Nc6 3. Bc4 Bc5 4. d3 d6 5. a3 Nf6 6. Nc3 Nd4 7. h3 c6 8. O-O O-O
9. Ba2 a5 10. Nxd4 Bxd4 11. Ne2 Bb6 12. Ng3 Be6 13. Qf3 Qd7 14. Be3 Bxe3 15.
Qxe3 Bxa2 16. Rxa2 d5 17. Raa1 Qe6 18. Rae1 dxe4 19. dxe4 a4 20. Rd1 Rad8 21.
Qc5 b5 22. Qb6 Rd7 23. Rxd7 1/2-1/2

[Event "TCh-FRA Top 16 GpA 2023"]
[Site "Chartres FRA"]
[Date "2023.06.01"]
[Round "1.1"]
[Board "3"]
[White "Naiditsch, Arkadij"]
[Black "Kamsky, Gata"]
[Result "1/2-1/2"]
[WhiteTitle "GM"]
[BlackTitle "GM"]
[WhiteElo "2669"]
[BlackElo "2659"]
[WhiteTeam "Bischwiller"]
[BlackTeam "C'Chartres Echecs"]
[WhiteFideId "4650891"]
[BlackFideId "2000024"]
[EventDate "2023.06.01"]

1. e4 c5 2. Nf3 Nc6 3. d4 cxd4 4. Nxd4 e6 5. Nc3 Qc7 6. Be3 a6 7. Qf3 b5 8. Nxc6
Qxc6 9. Bd3 Bb7 10. Qg3 Rc8 11. O-O-O Nf6 12. f3 Qc7 13. Kb1 Qxg3 14. hxg3 h6
15. g4 Rg8 16. Bd4 Bc5 17. Bxf6 gxf6 18. Rxh6 Ke7 19. Rdh1 Bd4 20. Ne2 Be5 21.
R1h5 d5 22. exd5 Bxd5 23. Rh7 Rcd8 24. a3 Bc4 25. Nc1 Rb8 26. Be4 b4 27. axb4
Rxb4 28. b3 a5 29. Bd3 Bd5 30. Rh8 Rxh8 31. Rxh8 a4 32. Na2 Rb6 33. b4 Bxa2+ 1/2-1/2

[Event "TCh-FRA Top 16 GpA 2023"]
[Site "Chartres FRA"]
[Date "2023.06.01"]
[Round "1.1"]
[Board "4"]
[White "Lagarde, Maxime"]
[Black "Fressinet, Laurent"]
[Result "1/2-1/2"]
[WhiteTitle "GM"]
[BlackTitle "GM"]
[WhiteElo "2597"]
[BlackElo "2632"]
[WhiteTeam "C'Chartres Echecs"]
[BlackTeam "Bischwiller"]
[WhiteFideId "662399"]
[BlackFideId "608742"]
[EventDate "2023.06.01"]

1. c4 e6 2. g3 d5 3. Bg2 d4 4. Nf3 Nc6 5. O-O Bc5 6. d3 Nf6 7. e4 Nd7 8. Qe2 e5
9. Nh4 g6 10. Bh3 Be7 11. Ng2 Nc5 12. Bxc8 Qxc8 13. f4 h5 14. f5 Qd7 15. Nd2 a5
16. Nb3 Nxb3 17. axb3 O-O-O 18. Bd2 b6 19. Ne1 Kb7 20. Nc2 Ra8 21. Kh1 Bb4 22.
Rf2 1/2-1/2

[Event "TCh-FRA Top 16 GpA 2023"]
[Site "Chartres FRA"]
[Date "2023.06.01"]
[Round "1.1"]
[Board "5"]
[White "Rodshtein, Maxim"]
[Black "Bauer, Christian"]
[Result "1-0"]
[WhiteTitle "GM"]
[BlackTitle "GM"]
[WhiteElo "2604"]
[BlackElo "2593"]
[WhiteTeam "Bischwiller"]
[BlackTeam "C'Chartres Echecs"]
[WhiteFideId "2806851"]
[BlackFideId "603767"]
[EventDate "2023.06.01"]

1. d4 Nf6 2. c4 e6 3. Nf3 d5 4. g3 Bb4+ 5. Bd2 Be7 6. Bg2 c6 7. Qc2 Nbd7 8. O-O
Ne4 9. Be3 Nd6 10. b3 b6 11. Bf4 Bb7 12. Nbd2 O-O 13. e4 Nxe4 14. Nxe4 dxe4 15.
Qxe4 Nf6 16. Qe2 c5 17. Rfd1 cxd4 18. Rxd4 Qc8 19. Ne5 Bc5 20. Rd3 Bxg2 21. Kxg2
Qb7+ 22. Qf3 Qxf3+ 23. Kxf3 Rfc8 24. Rad1 Ne8 25. Rd7 f6 26. Nf7 Bf8 27. Bd6
Nxd6 28. Nxd6 Rd8 29. Nb5 Rxd7 30. Rxd7 a6 31. Nd4 Re8 32. Ke4 Bc5 33. f3 h5 34.
Rb7 a5 35. Rd7 Kh7 36. Nb5 e5 37. Nc7 Rg8 38. Kf5 Kh6 39. Ne6 Bg1 40. h3 Bf2 41.
g4 hxg4 42. hxg4 Bh4 43. Rb7 g6+ 44. Ke4 Bf2 45. Rf7 Bh4 46. a3 Re8 47. Kd5 Rc8
48. b4 axb4 49. axb4 Be1 50. b5 Bc3 51. Rxf6 e4 52. Rf7 1-0

[Event "TCh-FRA Top 16 GpA 2023"]
[Site "Chartres FRA"]
[Date "2023.06.01"]
[Round "1.1"]
[Board "6"]
[White "Maurizzi, Marc'Andria"]
[Black "Le Roux, Jean-Pierre"]
[Result "1/2-1/2"]
[WhiteTitle "GM"]
[BlackTitle "GM"]
[WhiteElo "2548"]
[BlackElo "2509"]
[WhiteTeam "C'Chartres Echecs"]
[BlackTeam "Bischwiller"]
[WhiteFideId "36083534"]
[BlackFideId "609404"]
[EventDate "2023.06.01"]

1. e4 c6 2. d4 d5 3. Nd2 dxe4 4. Nxe4 Nf6 5. Nxf6+ exf6 6. c3 Bd6 7. Bd3 O-O 8.
Qc2 Re8+ 9. Ne2 h5 10. O-O h4 11. h3 Nd7 12. Bd2 Nf8 13. Rae1 Bd7 14. f4 Rc8 15.
c4 b5 16. c5 Bb8 17. f5 Nh7 18. Bf4 Qa5 19. Bxb8 Rxb8 20. Rd1 Ng5 21. Nf4 Rbd8
22. a4 Bc8 23. axb5 cxb5 24. d5 a6 25. c6 Re5 26. Qc5 Qc7 27. b4 Rd6 28. Rde1
Rd8 29. Bc2 Rxe1 30. Rxe1 Qxf4 31. c7 Rf8 32. d6 Qg3 33. Kf1 Qf4+ 34. Kg1 Qg3
35. Kf1 Qf4+ 36. Kg1 Kh7 37. d7 Bxd7 38. Qxf8 Nf3+ 39. gxf3 Qg3+ 40. Kf1 Qxf3+
41. Kg1 Qg3+ 42. Kf1 Qf3+ 1/2-1/2

[Event "TCh-FRA Top 16 GpA 2023"]
[Site "Chartres FRA"]
[Date "2023.06.01"]
[Round "1.1"]
[Board "7"]
[White "Maze, Sebastien"]
[Black "Guliyev, Namig"]
[Result "1-0"]
[WhiteTitle "GM"]
[BlackTitle "GM"]
[WhiteElo "2539"]
[BlackElo "2521"]
[WhiteTeam "Bischwiller"]
[BlackTeam "C'Chartres Echecs"]
[WhiteFideId "613762"]
[BlackFideId "13400363"]
[EventDate "2023.06.01"]

1. d4 d5 2. Nf3 Nf6 3. c4 dxc4 4. e3 e6 5. Bxc4 a6 6. O-O c5 7. Bb3 b5 8. Nc3
Bb7 9. e4 cxd4 10. Nxd4 Nc6 11. Nxc6 Bxc6 12. Qe2 Be7 13. Bf4 O-O 14. Rfd1 Qb6
15. e5 Nd7 16. Ne4 Nc5 17. Nd6 Nxb3 18. axb3 Bd5 19. Qg4 f5 20. Qg3 Kh8 21. h4
Qd8 22. h5 Qd7 23. Rac1 Bd8 24. Rd3 Ra7 25. Rc8 Rc7 26. Rc3 Rxc8 27. Rxc8 Be7
28. Rc5 b4 29. h6 Bd8 30. Rxd5 exd5 31. e6 Qa7 32. Be5 Bf6 33. Nf7+ Rxf7 34.
exf7 Qxf7 35. Bxf6 gxf6 36. Qb8+ Qg8 37. Qd6 1-0

[Event "TCh-FRA Top 16 GpA 2023"]
[Site "Chartres FRA"]
[Date "2023.06.01"]
[Round "1.1"]
[Board "8"]
[White "Daulyte-Cornette, Deimante"]
[Black "Sebag, Marie"]
[Result "0-1"]
[WhiteTitle "IM"]
[BlackTitle "GM"]
[WhiteElo "2354"]
[BlackElo "2421"]
[WhiteTeam "C'Chartres Echecs"]
[BlackTeam "Bischwiller"]
[WhiteFideId "12802859"]
[BlackFideId "617822"]
[EventDate "2023.06.01"]

1. e4 c5 2. Nf3 d6 3. d4 cxd4 4. Nxd4 Nf6 5. Nc3 a6 6. Qd3 Nbd7 7. Be2 e6 8. a4
b6 9. Qg3 Bb7 10. O-O g6 11. f3 h5 12. Bc4 h4 13. Qe1 Ne5 14. Bb3 Qc7 15. Bg5
Be7 16. Bxh4 Rxh4 17. Qxh4 Nxe4 18. Qe1 Nxc3 19. bxc3 d5 20. Qe3 O-O-O 21. Rae1
Nd7 22. f4 Rh8 23. h3 Kb8 24. Kh1 Bd6 25. Rf3 Nf6 26. Ref1 Ne4 27. Ne2 Rc8 28.
Nd4 Nxc3 29. g3 Ne4 30. Kg2 Bb4 31. Rd1 Bc5 32. Qd3 g5 33. f5 e5 34. Ne2 d4 35.
Kh2 g4 36. Rff1 Ng5 37. Ng1 Qc6 0-1

[Event "TCh-FRA Top 16 GpA 2023"]
[Site "Chartres FRA"]
[Date "2023.06.01"]
[Round "1.2"]
[Board "1"]
[White "Sanikidze, Tornike"]
[Black "Van Foreest, Lucas"]
[Result "1/2-1/2"]
[WhiteTitle "GM"]
[BlackTitle "GM"]
[WhiteElo "2491"]
[BlackElo "2547"]
[WhiteTeam "C.E.Strasbourg"]
[BlackTeam "Tremblay en France"]
[WhiteFideId "13602608"]
[BlackFideId "1039792"]
[EventDate "2023.06.01"]

1. d4 Nf6 2. c4 e6 3. Nf3 d5 4. Nc3 c5 5. cxd5 cxd4 6. Qxd4 exd5 7. e4 Nc6 8.
Bb5 dxe4 9. Qxd8+ Kxd8 10. Ng5 Ke8 11. O-O Bf5 12. Re1 Bb4 13. Bd2 h6 14. Ngxe4
Nxe4 15. Nxe4 Bxd2 16. Nxd2+ Be6 17. Nb3 Rc8 18. Nd4 Ke7 19. Bxc6 bxc6 20. Rac1
c5 21. Nf5+ Kf6 22. Nd6 Rc6 23. Ne4+ Kg6 24. Rxc5 Rxc5 25. Nxc5 Bxa2 26. Ra1 Rc8
27. b4 Rd8 28. f3 Rd2 29. b5 Bc4 30. Ra6+ Kh7 31. Rxa7 Bxb5 32. Rxf7 Rd1+ 33.
Kf2 Rd2+ 34. Kg1 Rd1+ 35. Kf2 Rd2+ 1/2-1/2

[Event "TCh-FRA Top 16 GpA 2023"]
[Site "Chartres FRA"]
[Date "2023.06.01"]
[Round "1.2"]
[Board "2"]
[White "Shchekachev, Andrei"]
[Black "Prusikin, Michael"]
[Result "1/2-1/2"]
[WhiteTitle "GM"]
[BlackTitle "GM"]
[WhiteElo "2508"]
[BlackElo "2513"]
[WhiteTeam "Tremblay en France"]
[BlackTeam "C.E.Strasbourg"]
[WhiteFideId "4107730"]
[BlackFideId "4642325"]
[EventDate "2023.06.01"]

1. Nf3 d5 2. e3 c5 3. b3 Nf6 4. Bb2 e6 5. Bb5+ Bd7 6. Be2 Nc6 7. O-O Bd6 8. d4
cxd4 9. exd4 O-O 10. c4 Ne4 11. Nc3 Nxc3 12. Bxc3 Qf6 13. Re1 Rfd8 14. Qc1 b6
15. Qb2 Bb4 1/2-1/2

[Event "TCh-FRA Top 16 GpA 2023"]
[Site "Chartres FRA"]
[Date "2023.06.01"]
[Round "1.2"]
[Board "3"]
[White "Rozentalis, Eduardas"]
[Black "Vlachos, Anatole"]
[Result "1/2-1/2"]
[WhiteTitle "GM"]
[BlackTitle "IM"]
[WhiteElo "2528"]
[BlackElo "2448"]
[WhiteTeam "C.E.Strasbourg"]
[BlackTeam "Tremblay en France"]
[WhiteFideId "12800023"]
[BlackFideId "26093189"]
[EventDate "2023.06.01"]

1. e4 e5 2. Nf3 Nc6 3. Bb5 a6 4. Bxc6 dxc6 5. d3 f6 6. Be3 c5 7. a4 a5 8. Na3 b6
9. Nd2 Bd6 10. Ndc4 Ne7 11. f4 exf4 12. Nxd6+ cxd6 13. Bxf4 Ng6 14. Bg3 O-O 15.
O-O f5 16. exf5 Bxf5 17. Qh5 Qf6 18. Nc4 d5 19. Nd6 Qd4+ 20. Kh1 Be6 21. b3 Rf6
22. Rae1 Bg4 23. Qg5 h6 24. Rxf6 hxg5 25. Rxg6 Rf8 26. h3 Be2 27. Re6 Bf1 28.
Re8 Rxe8 29. Rxe8+ Kh7 30. Re7 Qf6 31. Re1 Be2 32. Kg1 Bh5 33. Be5 Qe6 34. Bg3
Qf6 35. Be5 Qe6 36. Bg3 Qd7 37. Kh2 Bg6 38. Re2 Qd8 39. Re6 Qd7 40. Re2 Bh5 41.
Re1 Qd8 42. Re6 Qd7 1/2-1/2

[Event "TCh-FRA Top 16 GpA 2023"]
[Site "Chartres FRA"]
[Date "2023.06.01"]
[Round "1.2"]
[Board "4"]
[White "Abergel, Thal"]
[Black "Sharif, Mehrshad"]
[Result "1/2-1/2"]
[WhiteTitle "GM"]
[BlackTitle "IM"]
[WhiteElo "2373"]
[BlackElo "2330"]
[WhiteTeam "Tremblay en France"]
[BlackTeam "C.E.Strasbourg"]
[WhiteFideId "614890"]
[BlackFideId "600121"]
[EventDate "2023.06.01"]

1. e4 e6 2. Qe2 c5 3. Nf3 Nc6 4. g3 g6 5. Bg2 Bg7 6. d3 d6 7. O-O Nge7 8. c3 e5
9. Nh4 O-O 10. f4 exf4 11. gxf4 f5 12. Nf3 Kh8 13. Na3 Be6 14. Ng5 Bg8 15. Nc2
h6 16. Nh3 Qd7 17. Ne1 Rae8 18. Nf3 Bf7 19. Bd2 Ng8 20. Nf2 Qd8 21. Qd1 Nge7 1/2-1/2

[Event "TCh-FRA Top 16 GpA 2023"]
[Site "Chartres FRA"]
[Date "2023.06.01"]
[Round "1.2"]
[Board "5"]
[White "Roos, Louis"]
[Black "Flom, Gabriel"]
[Result "1/2-1/2"]
[WhiteTitle "IM"]
[BlackTitle "GM"]
[WhiteElo "2254"]
[BlackElo "2442"]
[WhiteTeam "C.E.Strasbourg"]
[BlackTeam "Tremblay en France"]
[WhiteFideId "600288"]
[BlackFideId "621650"]
[EventDate "2023.06.01"]

1. e4 c5 2. Nf3 Nc6 3. d4 cxd4 4. Nxd4 Nf6 5. Nc3 d6 6. Be2 g6 7. Be3 Bg7 8. O-O
O-O 9. Nb3 Be6 10. f3 Rc8 11. Kh1 a6 12. Nd5 Bxd5 13. exd5 Ne5 14. c3 b5 15. Rf2
Nc4 16. Bxc4 bxc4 17. Nc1 Qa5 18. Rd2 Nd7 19. Ne2 Ne5 20. b4 Qc7 21. a4 Nd3 22.
Ra3 a5 23. b5 Bh6 24. f4 e5 25. b6 Qb7 26. Rxd3 cxd3 27. Qxd3 exf4 28. Bg1 Rfe8
29. Rb3 Re5 30. c4 Rce8 31. Nd4 Re1 32. Nf3 Ra1 33. c5 dxc5 34. Qb5 Rd8 35. Qc6
Rb8 36. Qxc5 Bf8 37. Qxa5 Rd1 38. Rb5 Ra8 39. Qc3 Rxd5 40. Qb3 Rdd8 41. a5 Rdc8
42. Qd5 Qxd5 43. Rxd5 Rc1 44. b7 Rb8 45. Rb5 Ra1 46. Nd4 Bd6 47. Nb3 Ra3 48. h4
Re8 49. Bc5 Re1+ 50. Kh2 Rxb3 51. Rxb3 Bb8 52. Bf2 f3+ 53. g3 Re2 54. Rxf3 Ra2
55. Kg2 Kg7 56. Rb3 Rxa5 57. Be3 Rd5 1/2-1/2

[Event "TCh-FRA Top 16 GpA 2023"]
[Site "Chartres FRA"]
[Date "2023.06.01"]
[Round "1.2"]
[Board "6"]
[White "Shirazi, Kamran"]
[Black "Roos, Jean-Luc"]
[Result "1-0"]
[WhiteTitle "IM"]
[BlackTitle "IM"]
[WhiteElo "2278"]
[BlackElo "2184"]
[WhiteTeam "Tremblay en France"]
[BlackTeam "C.E.Strasbourg"]
[WhiteFideId "2000733"]
[BlackFideId "600601"]
[EventDate "2023.06.01"]

1. d4 d5 2. Bg5 c6 3. Nc3 Bf5 4. f3 h6 5. Bh4 Nf6 6. Qd2 Nbd7 7. g4 Bh7 8. Bg3
e6 9. e3 b5 10. Bd3 Nb6 11. Nge2 Nc4 12. Qc1 Bd6 13. Kf2 O-O 14. Nf4 e5 15. dxe5
Nxe5 16. Bxh7+ Nxh7 17. Nd3 Nxd3+ 18. cxd3 f5 19. gxf5 Rxf5 20. e4 Bxg3+ 21.
hxg3 Qb6+ 22. Kg2 dxe4 23. dxe4 Rc5 24. a3 Rf8 25. Qd2 Rc4 26. Rad1 Ng5 27. Rhf1
Qb7 28. Qd7 Qxd7 29. Rxd7 a5 30. Rf2 b4 31. axb4 axb4 32. Nd1 c5 33. Ne3 Rc1 34.
Re7 Rf7 35. Re5 Ra7 36. f4 Nh7 37. Re8+ Kf7 38. Rc8 Nf6 39. Kf3 Rd7 40. e5 Ne8
41. e6+ Kxe6 42. Rxe8+ Kf7 43. Rc8 Rd3 44. Rc7+ Kf8 45. Ke4 Rd4+ 46. Kf5 Rd3 47.
Ng4 Rxg3 48. Rd2 1-0

[Event "TCh-FRA Top 16 GpA 2023"]
[Site "Chartres FRA"]
[Date "2023.06.01"]
[Round "1.2"]
[Board "7"]
[White "Olguin, Monica"]
[Black "Kuhn, Clement"]
[Result "0-1"]
[BlackTitle "FM"]
[WhiteElo "1619"]
[BlackElo "2313"]
[WhiteTeam "C.E.Strasbourg"]
[BlackTeam "Tremblay en France"]
[WhiteFideId "26032732"]
[BlackFideId "36099775"]
[EventDate "2023.06.01"]

1. e4 e6 2. d4 d5 3. exd5 exd5 4. Bd3 Nc6 5. c3 Bd6 6. Ne2 Qh4 7. h3 Nge7 8. Qc2
Qf6 9. Nd2 Bf5 10. Bxf5 Nxf5 11. Nf3 Qg6 12. g4 Nh4 0-1

[Event "TCh-FRA Top 16 GpA 2023"]
[Site "Chartres FRA"]
[Date "2023.06.01"]
[Round "1.3"]
[Board "1"]
[White "Donchenko, Alexander"]
[Black "Ter-Sahakyan, Samvel"]
[Result "0-1"]
[WhiteTitle "GM"]
[BlackTitle "GM"]
[WhiteElo "2667"]
[BlackElo "2598"]
[WhiteTeam "Vandoeuvre Echecs"]
[BlackTeam "Lyon Olympique Echecs"]
[WhiteFideId "24603295"]
[BlackFideId "13302531"]
[EventDate "2023.06.01"]

1. c4 e5 2. g3 Be7 3. Nc3 f5 4. Nf3 d6 5. d4 e4 6. Ng1 Nf6 7. h4 O-O 8. Nh3 c5
9. e3 Qe8 10. Nf4 Bd8 11. Be2 Nc6 12. O-O Bb6 13. Ncd5 Nxd5 14. cxd5 Nd8 15. a4
a5 16. Qb3 Ba7 17. Qc3 Bb6 18. Qb3 Ba7 19. Qc3 Bb6 20. Bd2 cxd4 21. exd4 Bd7 22.
Be3 Bxa4 23. Qc4 Bd7 24. Rfc1 a4 25. Qb4 Ba5 26. Qxd6 Rf6 27. Qc5 b5 28. Bh5 Qf8
29. b3 Bb4 30. Qc7 Be8 31. bxa4 Bd6 32. Qc2 Bxf4 33. Bxf4 Bxh5 34. axb5 Rxa1 35.
Rxa1 h6 36. Ra8 Kh7 37. Qc5 Qe8 38. Be5 Rf7 39. b6 f4 40. Bxf4 Rxf4 41. gxf4
Qg6+ 42. Kf1 e3 43. fxe3 Qd3+ 44. Kf2 Qe2+ 45. Kg3 Qf3+ 46. Kh2 Qf2+ 47. Kh3
Bg4+ 48. Kxg4 Qg2+ 49. Kf5 Qg6+ 50. Ke5 Nf7# 0-1

[Event "TCh-FRA Top 16 GpA 2023"]
[Site "Chartres FRA"]
[Date "2023.06.01"]
[Round "1.3"]
[Board "2"]
[White "Grigoryan, Karen H."]
[Black "Pichot, Alan"]
[Result "1-0"]
[WhiteTitle "GM"]
[BlackTitle "GM"]
[WhiteElo "2626"]
[BlackElo "2638"]
[WhiteTeam "Lyon Olympique Echecs"]
[BlackTeam "Lyon Olympique Echecs"]
[WhiteFideId "13301004"]
[BlackFideId "110973"]
[EventDate "2023.06.01"]

1. d4 Nf6 2. c4 e6 3. Nf3 d5 4. Nc3 Bb4 5. cxd5 exd5 6. Bg5 O-O 7. e3 h6 8. Bh4
g5 9. Bg3 Ne4 10. Nd2 Bf5 11. Ndxe4 dxe4 12. h4 c5 13. a3 Bxc3+ 14. bxc3 Nc6 15.
hxg5 cxd4 16. cxd4 Qa5+ 17. Qd2 hxg5 18. Qxa5 Nxa5 19. Bd6 Rfc8 20. Be5 Bh7 21.
Rh5 Rc2 22. Rxg5+ Bg6 23. f4 exf3 24. gxf3 Nc6 25. Bf4 Kh7 26. d5 Ne7 27. d6 Nc6
28. Rd1 Kg7 29. d7 Kf6 30. Rgd5 Ke7 31. Bc7 1-0

[Event "TCh-FRA Top 16 GpA 2023"]
[Site "Chartres FRA"]
[Date "2023.06.01"]
[Round "1.3"]
[Board "3"]
[White "Solodovnichenko, Yuri"]
[Black "Hamitevici, Vladimir"]
[Result "1/2-1/2"]
[WhiteTitle "GM"]
[BlackTitle "GM"]
[WhiteElo "2503"]
[BlackElo "2493"]
[WhiteTeam "Vandoeuvre Echecs"]
[BlackTeam "Vandoeuvre Echecs"]
[WhiteFideId "14104369"]
[BlackFideId "13902393"]
[EventDate "2023.06.01"]

1. e4 c5 2. Nf3 d6 3. d4 cxd4 4. Nxd4 Nf6 5. Nc3 a6 6. h3 e5 7. Nb3 Be7 8. g4 h6
9. Be3 Nbd7 10. Qf3 b5 11. O-O-O Bb7 12. Kb1 Rc8 13. Nd5 Nxd5 14. exd5 Nb6 15.
Bxb6 Qxb6 16. h4 a5 17. Qe3 Bd8 18. Qxb6 Bxb6 19. Bxb5+ Ke7 20. f3 h5 21. c4
hxg4 22. fxg4 Rh6 23. g5 Rh5 24. c5 Bxc5 25. Nxa5 Rc7 26. Be2 Rh8 27. Bf3 f5 28.
gxf6+ gxf6 29. Be4 Bc8 30. Rdf1 Be3 31. Nc6+ Kf7 32. h5 Bf4 33. Bg6+ Kg7 34.
Rhg1 Be3 35. Rg3 Bf4 36. Rgg1 Be3 37. Rg3 Bf4 38. Rc3 f5 39. b4 Bd7 40. Kc2 Ra8
41. Kb3 Rb7 42. Rc2 Kf6 43. a4 Be3 44. Ra2 f4 45. b5 Bg4 46. Kc4 Kg5 47. a5 f3
48. a6 Rb6 49. Rh1 Rf8 50. Be4 Kf4 51. Bg6 f2 52. h6 Kg5 53. Bd3 e4 54. Bf1 Bf3
55. Rh2 Bf4 56. Raxf2 Kg4 57. h7 Rh8 58. Be2 Bxh2 59. Rxh2 Kg3 60. Bxf3 exf3 61.
Rh6 f2 62. Rf6 Rxh7 63. Kb4 Rh4+ 64. Ka5 Rxb5+ 65. Kxb5 Rf4 66. Rxf4 Kxf4 67. a7
f1=Q+ 68. Kb6 Qb1+ 69. Kc7 Qa2 70. Kb7 Qb3+ 71. Kc7 Qa4 72. Kb7 Qb5+ 73. Kc7 Qa6
74. Kb8 Qb6+ 75. Kc8 Qa6+ 76. Kb8 Qb6+ 1/2-1/2

[Event "TCh-FRA Top 16 GpA 2023"]
[Site "Chartres FRA"]
[Date "2023.06.01"]
[Round "1.3"]
[Board "4"]
[White "Vernay, Clovis"]
[Black "Brunner, Nicolas"]
[Result "1/2-1/2"]
[WhiteTitle "GM"]
[BlackTitle "IM"]
[WhiteElo "2491"]
[BlackElo "2424"]
[WhiteTeam "Lyon Olympique Echecs"]
[BlackTeam "Vandoeuvre Echecs"]
[WhiteFideId "633046"]
[BlackFideId "620246"]
[EventDate "2023.06.01"]

1. d4 Nf6 2. c4 e6 3. Nc3 Bb4 4. e3 O-O 5. Bd3 d5 6. Nf3 dxc4 7. Bxc4 c5 8. O-O
Nc6 9. a3 Bxc3 10. bxc3 Qc7 11. Bb2 e5 12. Bb5 e4 13. Bxc6 Qxc6 14. Ne5 Qc7 15.
a4 b6 16. a5 Ba6 17. Re1 Rfe8 18. Qb3 c4 19. axb6 axb6 20. Qa4 Nd5 21. Qc6 Qxc6
22. Nxc6 Bb5 23. Nb4 Nxb4 24. cxb4 Bc6 25. Kf1 Rxa1 26. Rxa1 Ra8 27. Rxa8+ Bxa8 1/2-1/2

[Event "TCh-FRA Top 16 GpA 2023"]
[Site "Chartres FRA"]
[Date "2023.06.01"]
[Round "1.3"]
[Board "5"]
[White "Decuigniere, Tom"]
[Black "Tahay, Alexis"]
[Result "1/2-1/2"]
[WhiteTitle "FM"]
[BlackTitle "IM"]
[WhiteElo "2375"]
[BlackElo "2421"]
[WhiteTeam "Vandoeuvre Echecs"]
[BlackTeam "Lyon Olympique Echecs"]
[WhiteFideId "26093820"]
[BlackFideId "26090961"]
[EventDate "2023.06.01"]

1. Nf3 c5 2. c4 Nc6 3. b3 e5 4. Bb2 d6 5. e3 g6 6. d4 cxd4 7. exd4 Bg7 8. dxe5
Nge7 9. Qd2 Nxe5 10. Nxe5 Bxe5 11. Nc3 Be6 12. Be2 Qa5 13. f4 Bg7 14. Bf3 O-O-O
15. O-O-O Kb8 16. Rhe1 Rhe8 17. Ne4 Qxd2+ 18. Rxd2 Bxb2+ 19. Rxb2 d5 20. Ng5
dxc4 21. bxc4 b6 22. Nxe6 fxe6 23. Rxe6 Nf5 24. Rd2 Kc7 25. Rc6+ Kb8 26. Re6 Kc7
27. Rxd8 Rxd8 28. Bd5 Kd7 29. Kd2 Ne7 30. Kd3 Nxd5 31. cxd5 Rc8 32. Rf6 Ke7 33.
Re6+ Kd7 34. Rf6 Ke7 35. Re6+ 1/2-1/2

[Event "TCh-FRA Top 16 GpA 2023"]
[Site "Chartres FRA"]
[Date "2023.06.01"]
[Round "1.3"]
[Board "6"]
[White "Benitah, Yohan"]
[Black "Savina, Anastasia"]
[Result "1/2-1/2"]
[WhiteTitle "IM"]
[BlackTitle "IM"]
[WhiteElo "2361"]
[BlackElo "2341"]
[WhiteTeam "Lyon Olympique Echecs"]
[BlackTeam "Vandoeuvre Echecs"]
[WhiteFideId "609560"]
[BlackFideId "4196872"]
[EventDate "2023.06.01"]

1. d4 Nf6 2. c4 g6 3. Nc3 Bg7 4. e4 d6 5. Nf3 O-O 6. Be2 e5 7. O-O Nc6 8. d5 Ne7
9. Ne1 Nd7 10. Nd3 f5 11. f3 f4 12. Bd2 g5 13. Rc1 h5 14. b4 Nf6 15. Nf2 Ng6 16.
c5 Rf7 17. cxd6 cxd6 18. h3 Bh6 19. a4 Rg7 20. Nb5 Nh4 21. Rc3 a6 22. Na3 Kh8
23. Be1 Bd7 24. Nc4 b5 25. Nxd6 Qb6 26. Nf5 Nxf5 27. exf5 Rd8 28. a5 Qa7 29. Rc5
Bxf5 30. d6 Rgd7 31. Qa1 Rxd6 32. Bc3 Nd5 33. Bxe5+ Bg7 34. Bxg7+ Qxg7 35. Ne4
Qxa1 36. Rxa1 Bxe4 37. fxe4 Nf6 38. Rxg5 Nxe4 39. Rxh5+ Kg7 40. Rh4 Ng3 41. Rg4+
Kh6 42. Bf3 Rd4 43. Rb1 Rc8 44. Re1 1/2-1/2

[Event "TCh-FRA Top 16 GpA 2023"]
[Site "Chartres FRA"]
[Date "2023.06.01"]
[Round "1.3"]
[Board "7"]
[White "Philippe, Christophe"]
[Black "Crut, Aurelien"]
[Result "1/2-1/2"]
[WhiteTitle "IM"]
[BlackTitle "IM"]
[WhiteElo "2347"]
[BlackElo "2343"]
[WhiteTeam "Vandoeuvre Echecs"]
[BlackTeam "Lyon Olympique Echecs"]
[WhiteFideId "610038"]
[BlackFideId "610569"]
[EventDate "2023.06.01"]

1. e4 e6 2. d4 d5 3. Nc3 Be7 4. Nf3 Nf6 5. Bd3 c5 6. exd5 exd5 7. dxc5 Bxc5 8.
O-O O-O 9. Bg5 Be6 10. h3 h6 11. Bh4 Nc6 12. a3 Be7 13. Re1 Re8 14. Nb5 Qb6 15.
Nbd4 Nxd4 16. Nxd4 Ne4 17. Bxe7 Qxd4 18. Bxe4 Qxd1 19. Raxd1 dxe4 20. Bb4 f5 21.
Rd6 Rad8 1/2-1/2

[Event "TCh-FRA Top 16 GpA 2023"]
[Site "Chartres FRA"]
[Date "2023.06.01"]
[Round "1.3"]
[Board "8"]
[White "Rollot, Florence"]
[Black "Steil-Antoni, Fiona"]
[Result "1-0"]
[BlackTitle "WIM"]
[WhiteElo "2018"]
[BlackElo "2185"]
[WhiteTeam "Lyon Olympique Echecs"]
[BlackTeam "Vandoeuvre Echecs"]
[WhiteFideId "26016060"]
[BlackFideId "4001249"]
[EventDate "2023.06.01"]

1. Nf3 d5 2. c4 c6 3. Qc2 Nf6 4. g3 g6 5. Bg2 Bg7 6. d3 O-O 7. O-O Re8 8. e4 e5
9. b4 h6 10. Bb2 d4 11. Nbd2 a5 12. a3 Na6 13. b5 Nc5 14. a4 Bd7 15. Nxe5 Rxe5
16. Bxd4 Rh5 17. Bxc5 Rxc5 18. d4 Rh5 19. e5 Ng4 20. h3 Nxe5 21. dxe5 Rxe5 22.
Rad1 Qe7 23. Nf3 Bf5 24. Qb3 Re2 25. Nd4 Bxd4 26. Rxd4 c5 27. Rd5 Re8 28. b6 Re1
29. Rd1 Re2 30. Qb5 Be4 31. Bxe4 Rxe4 32. Kh2 Re2 33. Rd7 Qe3 34. Kg2 Qe4+ 35.
Kg1 Qf5 36. Rxb7 Re1 37. Qd7 Rxf1+ 38. Kxf1 Re6 39. Rb8+ Kg7 40. Qd1 Qxh3+ 41.
Kg1 Qf5 42. b7 Qe5 43. Qd8 Qe1+ 44. Kg2 g5 45. Qh8+ Kg6 46. Rg8+ Kh5 47. b8=Q
Qe4+ 48. Kh2 Qf3 49. Rxg5+ Kxg5 50. Qf4+ Qxf4 51. gxf4+ Kxf4 52. Qg7 f5 53. Qg3+ 1-0